| 000 | 01725nam a22002777a 4500 | ||
|---|---|---|---|
| 003 | OSt | ||
| 005 | 20260416153209.0 | ||
| 008 | 260416b2007 xxu||||| |||| 00| 0 spa d | ||
| 040 |
_aUnicoc _bspa _c00001 _d00001 |
||
| 082 | _a362.76 | ||
| 100 |
_912899 _aIntebi, Irene V. |
||
| 245 |
_aValoración de sospechas de abuso infantil _c/ Irene V. Intebi |
||
| 250 | _a1 Ed. | ||
| 260 |
_aEspaña : _bSeminario de formación y supervisión técnica en valoración de sospechas de ASI , _c2008 |
||
| 300 | _a191 pp. | ||
| 440 |
_912900 _aColección documentos técnicos _n1 |
||
| 500 | _aIncluye Bibliografía | ||
| 505 |
_tParte 1. Generalidades de la valoración. -- _t1. Definiciones y efectos del abuso sexual infantil. -- _t2. La complejidad del diagnóstico. -- _t3. Investigación y evaluación de abusos sexuales en la infancia. -- _tParte 2. Los componentes de las entrevistas de evaluación. -- _t4. Características y aspectos formales de las entrevistas. -- _t5. La estructura de la evaluación: modelos. -- _t6. Los/as entrevistadores/as. -- _t7. Los participantes en la evaluación. -- _tParte 3. Las entrevistas de evaluación. -- _t8. Fases de las entrevistas. -- _t9. Técnicas para entrevistar a niños, niñas y adolescentes. -- _t10. Criterios de confirmación del diagnóstico de abuso sexual infantil. |
||
| 526 | _5Unicoc | ||
| 546 | _aEspañol | ||
| 650 | 0 |
_912901 _aAbuso sexual infantil |
|
| 650 | 0 |
_912902 _aEvaluación psicológica |
|
| 658 | 0 |
_910741 _aPrograma de Psicología |
|
| 856 |
_yAcceso online exclusivo para comunidad Unicoc _uhttps://unicoceduco-my.sharepoint.com/:b:/g/personal/direccionbiblioteca_unicoc_edu_co/IQCBBFTDflVySZgZTC2TKnQ3AXZpgMcbtLUcsyvDCE1JOs0 |
||
| 942 |
_2ddc _cEBOOK |
||
| 999 |
_c10831 _d10831 |
||